| 000 | 00641nam a22001937a 4500 | ||
|---|---|---|---|
| 005 | 20130607120037.0 | ||
| 010 | _aENG-107321 | ||
| 020 |
_a9789380902890 _c725.00 |
||
| 035 | _aEN-90854 | ||
| 037 | _bDBAD/PUB | ||
| 082 | _a891.4 | ||
| 100 | _aSingh, K.K. | ||
| 245 |
_aBooker's books in India : _ba study of four Booker Prize winning novels by Indian novelists / _cby K.K. Singh |
||
| 260 |
_aJaipur _bAadi Publications _c2012 |
||
| 270 |
_a18,Jain Bhawan Opp. Shanti Nagar _bJaipur _e302006 |
||
| 300 |
_aix,196p. _c22cm(Hb) |
||
| 500 | _aIncludes bibliographical references and index | ||
| 942 |
_2ddc _cEN _mSIN _h891.4 |
||
| 999 |
_c76004 _d76004 |
||